[Event "Game 1632 - Rated game, 10m + 0s"]
[Site "Beginners"]
[Date "2003.08.24"]
[Round "?"]
[White "kmreese"]
[Black "Zocki"]
[Result "1-0"]
[WhiteElo "1456"]
[BlackElo "1249"]
[PlyCount "111"]
[EventDate "2003.??.??"]

1. e4 d5 2. f4 d4 3. f5 e5 4. Nf3 Nf6
5. Nxe5 Bd6 6. Nc4 Nxe4 7. Nxd6+ Nxd6 8. Bd3 Qh4+
9. g3 Qh3 10. Qe2+ Kd7 11. Rf1 Re8 12. Qxe8+ Nxe8
13. f6 Nxf6 14. Bf5+ Qxf5 15. Rxf5 Ke7 16. Re5+ Kd6
17. Re2 Bg4 18. Rg2 Bf3 19. Rf2 Bg4 20. d3 Nc6
21. c3 Re8+ 22. Kf1 dxc3 23. Nxc3 Nd4 24. Bf4+ Kd7
25. Kg1 Nf3+ 26. Kg2 Ne1+ 27. Rxe1 Rxe1 28. Bg5 Nh5
29. Rxf7+ Ke8 30. Rxc7 Rd1 31. Re7+ Kf8 32. Rxb7 Rd2+
33. Kf1 Be2+ 34. Ke1 Rxd3 35. Nxe2 Rd5 36. Be7+ Kf7
37. Bb4+ Ke6 38. Re7+ Kf6 39. Rxa7 g5 40. Bc3+ Ke6
41. Rxh7 Nf6 42. Rh6 Rf5 43. Nd4+ Ke5 44. Nxf5+ Kxf5
45. Rxf6+ Kg4 46. b4 Kh3 47. b5 Kxh2 48. b6 Kxg3
49. b7 g4 50. b8=Q+ Kh3 51. Kf1 g3 52. Qh8+ Kg4
53. Qg7+ Kh3 54. Qh6+ Kg4 55. Qf4+ Kh3 56. Rh6# 1-0

[Event "Game 1635 - Rated game, 1m + 0s"]
[Site "Beginners"]
[Date "2003.08.24"]
[Round "?"]
[White "malique"]
[Black "kmreese"]
[Result "0-1"]
[WhiteElo "1303"]
[BlackElo "1637"]
[PlyCount "32"]
[EventDate "2003.??.??"]

1. e4 c5 2. Qh5 g6 3. Qe5 f6 4. Qxc5 d6
5. Qe3 Nc6 6. c3 Bh6 7. Qd3 Ne5 8. Qe2 Bg4
9. f3 Bh5 10. d4 Bxc1 11. g4 Bxb2 12. Qxb2 Nxf3+
13. Nxf3 Bxg4 14. Nfd2 f5 15. Qxb7 e6 16. e5 Qh4# 0-1

[Event "Game 1636 - Rated game, 1m + 0s"]
[Site "Beginners"]
[Date "2003.08.24"]
[Round "?"]
[White "kmreese"]
[Black "malique"]
[Result "0-1"]
[WhiteElo "1657"]
[BlackElo "1298"]
[Annotator "White - Time"]
[PlyCount "50"]
[EventDate "2003.??.??"]

1. e4 c6 2. Nf3 b5 3. Bd3 Bb7 4. Ne5 Qc7
5. f4 f6 6. Ng4 g6 7. O-O Bh6 8. Nxh6 Nxh6
9. f5 gxf5 10. exf5 e6 11. fxe6 dxe6 12. Nc3 Nd7
13. Ne4 Rf8 14. b3 Ba6 15. Ba3 Rd8 16. Bxf8 Kxf8
17. Nxf6 Nxf6 18. Rxf6+ Kg7 19. Qf3 Rf8 20. Bxh7 Kxh7
21. Rxh6+ Kxh6 22. Qxf8+ Kh7 23. Qf5+ Kg8 24. Qg5+ Kf8
25. Rf1+ Ke8 { White - Time} 0-1

[Event "Game 1637 - Rated game, 10m + 3s"]
[Site "Beginners"]
[Date "2003.08.24"]
[Round "?"]
[White "Carmine"]
[Black "kmreese"]
[Result "1-0"]
[WhiteElo "1277"]
[BlackElo "1465"]
[PlyCount "109"]
[EventDate "2003.??.??"]

1. e4 c5 2. Bc4 Nf6 3. d3 e5 4. Nf3 Nc6
5. Ng5 Be7 6. Nxf7 Qa5+ 7. Bd2 Nb4 8. Nxh8 d5
9. Bb3 Bg4 10. f3 Bh5 11. exd5 O-O-O 12. a3 Rxh8
13. Nc3 e4 14. axb4 cxb4 15. Rxa5 bxc3 16. Bxc3 exf3
17. gxf3 Rf8 18. Rf1 Nd7 19. Rxa7 Bh4+ 20. Kd2 Kb8
21. Bxg7 Bg5+ 22. Kc3 Rc8+ 23. Kd4 Kxa7 24. Qa1+ Kb8
25. Be5+ Nxe5 26. Kxe5 Re8+ 27. Kd4 Bf6+ 28. Kc4 Rc8+
29. Kb4 Be7+ 30. Ka4 Be8+ 31. Ka5 Rc5+ 32. Kb4 Rb5+
33. Kc3 Bb4+ 34. Kd4 Bc5+ 35. Kc3 Bb4+ 36. Kd4 Bf7
37. Qa4 Bc5+ 38. Kc3 Bb4+ 39. Qxb4 Rxb4 40. Kxb4 Kc7
41. Rg1 Kd6 42. Rg7 Bh5 43. f4 h6 44. Rxb7 Bf3
45. Rb6+ Kc7 46. Rxh6 Bg4 47. c4 Kd7 48. c5 Kc7
49. d6+ Kd7 50. Kb5 Bf3 51. Rh7+ Kc8 52. d7+ Kd8
53. c6 Bg4 54. Rh8+ Kc7 55. d8=Q# 1-0

[Event "Game 1638 - Rated game, 1m + 1s"]
[Site "Main Playing Hall"]
[Date "2003.08.24"]
[Round "?"]
[White "RuiNikko"]
[Black "kmreese"]
[Result "1-0"]
[WhiteElo "1400"]
[BlackElo "1523"]
[Annotator "Black - Time"]
[PlyCount "55"]
[EventDate "2003.??.??"]

1. e4 e5 2. Nf3 Nc6 3. Bc4 d6 4. d3 Be6
5. Bxe6 fxe6 6. Nc3 Nd4 7. Nxd4 exd4 8. Nb5 e5
9. h4 a6 10. Bg5 Be7 11. Bxe7 Nxe7 12. Na3 O-O
13. O-O Ng6 14. g4 Qxh4 15. f3 Nf4 16. Qe1 Nh3+
17. Kh2 Qxe1 18. Raxe1 Ng5 19. c3 Rf7 20. Re2 Raf8
21. Kg3 h5 22. gxh5 g6 23. hxg6 Rf6 24. f4 Ne6
25. f5 Nd8 26. cxd4 exd4 27. e5 dxe5 28. Rxe5 {Black - Time} 1-0

[Event "Game 1639 - Rated game, 1m + 1s"]
[Site "Main Playing Hall"]
[Date "2003.08.24"]
[Round "?"]
[White "kmreese"]
[Black "RuiNikko"]
[Result "0-1"]
[WhiteElo "1426"]
[BlackElo "1506"]
[PlyCount "90"]
[EventDate "2003.??.??"]

1. e4 e5 2. Nf3 Nc6 3. Bc4 Nf6 4. O-O d6
5. d3 Bd7 6. Ng5 Be6 7. Nxe6 fxe6 8. Bxe6 Nd4
9. Bh3 Be7 10. Bg5 O-O 11. Nc3 c5 12. Nd5 Nxd5
13. exd5 Bxg5 14. f4 Rxf4 15. Be6+ Nxe6 16. dxe6 Rxf1+
17. Qxf1 Qf6 18. e7 Qxf1+ 19. Rxf1 Bxe7 20. a4 Rf8
21. Rxf8+ Bxf8 22. c4 a6 23. Kf2 Kf7 24. Ke3 Ke6
25. h4 Kf5 26. Kf3 g5 27. g4+ Kf6 28. hxg5+ Kxg5
29. b3 Bg7 30. a5 h5 31. Kg3 hxg4 32. b4 cxb4
33. c5 dxc5 34. d4 cxd4 35. Kf2 d3 36. Ke1 b3
37. Kd2 b2 38. Kxd3 b1=Q+ 39. Kc4 Qb5+ 40. Kc3 Qa4
41. Kd2 Qb3 42. Ke2 Kf4 43. Kf2 Qc2+ 44. Ke1 Kf3
45. Kf1 Qc1# 0-1

[Event "Game 1640 - Rated game, 2m + 0s"]
[Site "Main Playing Hall"]
[Date "2003.08.24"]
[Round "?"]
[White "Thelonious"]
[Black "kmreese"]
[Result "0-1"]
[WhiteElo "1375"]
[BlackElo "1373"]
[Annotator "White - Time"]
[PlyCount "36"]
[EventDate "2003.??.??"]

1. e4 e5 2. Nf3 d6 3. Bc4 Nc6 4. c3 f6
5. O-O Bg4 6. d3 h5 7. Nbd2 f5 8. h3 Bxh3
9. gxh3 fxe4 10. Nxe4 d5 11. Bg5 Be7 12. Bxe7 Ngxe7
13. Nc5 dxc4 14. Ne6 Qc8 15. Nxg7+ Kf8 16. Ne6+ Qxe6
17. Ng5 Rg8 18. Kh1 Qd5+ {White - Time} 0-1

[Event "Game 1641 - Rated game, 2m + 0s"]
[Site "Main Playing Hall"]
[Date "2003.08.24"]
[Round "?"]
[White "kmreese"]
[Black "Thelonious"]
[Result "0-1"]
[WhiteElo "1439"]
[BlackElo "1357"]
[Annotator "White - Time"]
[PlyCount "52"]
[EventDate "2003.??.??"]

1. e4 e5 2. Nf3 Nc6 3. Bc4 Be7 4. d3 Nf6
5. O-O d6 6. Ng5 O-O 7. Nc3 Nd4 8. Nd5 Nxd5
9. Bxd5 c6 10. Bc4 Bxg5 11. Bxg5 Qxg5 12. f4 Qe7
13. fxe5 dxe5 14. Qh5 Be6 15. Bxe6 Qxe6 16. Rae1 g6
17. Qd1 f5 18. c3 Nb5 19. d4 exd4 20. exf5 Qd6
21. fxg6 Rxf1+ 22. Rxf1 hxg6 23. Qb3+ Qd5 24. c4 Qe6
25. Qg3 Rf8 26. Rxf8+ Kxf8 { White - Time} 0-1

[Event "Game 1642 - Rated game, 1m + 2s"]
[Site "Main Playing Hall"]
[Date "2003.08.24"]
[Round "?"]
[White "Carlante"]
[Black "kmreese"]
[Result "1-0"]
[WhiteElo "1157"]
[BlackElo "1363"]
[Annotator "Black - Time"]
[PlyCount "81"]
[EventDate "2003.??.??"]

1. d4 Nf6 2. c4 d5 3. Nc3 dxc4 4. e3 Nc6
5. Bxc4 e6 6. Nf3 Bd6 7. a3 O-O 8. Qc2 Re8
9. O-O e5 10. dxe5 Nxe5 11. Nxe5 Rxe5 12. Qe2 Rh5
13. g3 Bh3 14. Rd1 Bg4 15. f3 Bh3 16. Rd4 a6
17. Ne4 Nxe4 18. Rxe4 Bf5 19. Rd4 b5 20. Bd3 Rb8
21. Bxf5 Rxf5 22. Bd2 Rh5 23. Bc3 b4 24. axb4 a5
25. Rxa5 Bxg3 26. hxg3 Rg5 27. Rxd8+ Rxd8 28. Rxg5 h6
29. Rxg7+ Kf8 30. Qc4 Rd7 31. Qb5 Rd1+ 32. Kf2 Rd8
33. Qc6 Rd6 34. Qxc7 Rf6 35. Qc8+ Kxg7 36. Bxf6+ Kxf6
37. Qc6+ Kg5 38. Qd5+ f5 39. Qg8+ Kh5 40. Qf7+ Kg5
41. f4+ {Black - Time} 1-0

[Event "Game 1643 - Rated game, 40m + 5s"]
[Site "Beginners"]
[Date "2003.08.25"]
[Round "?"]
[White "Falcon4"]
[Black "kmreese"]
[Result "0-1"]
[WhiteElo "1314"]
[BlackElo "1649"]
[PlyCount "48"]
[EventDate "2003.??.??"]

1. e4 c5 2. Nf3 d6 3. Bb5+ Bd7 4. Bc4 Nf6
5. Bd5 Nxd5 6. exd5 Bb5 7. Ng5 e6 8. Qf3 Qxg5
9. Nc3 Qe5+ 10. Kd1 Nd7 11. Nxb5 Kd8 12. d3 exd5
13. Bf4 Qf5 14. g4 Qf6 15. g5 Qf5 16. Qg3 f6
17. Bxd6 Bxd6 18. Nxd6 Qe6 19. Nxb7+ Kc8 20. Na5 Re8
21. c3 Qe2+ 22. Kc1 Ne5 23. f4 Nxd3+ 24. Kb1 Qxb2# 0-1

[Event "Game 1644 - Rated game, 40m + 5s"]
[Site "Beginners"]
[Date "2003.08.25"]
[Round "?"]
[White "kmreese"]
[Black "Falcon4"]
[Result "1/2-1/2"]
[WhiteElo "1654"]
[BlackElo "1309"]
[PlyCount "34"]
[EventDate "2003.??.??"]

1. e4 e5 2. f4 Nc6 3. fxe5 Nxe5 4. d4 Bb4+
5. c3 Nf3+ 6. Nxf3 Bd6 7. e5 Be7 8. Bc4 Nh6
9. d5 Bc5 10. Ng5 d6 11. b4 Bb6 12. e6 Qf6
13. exf7+ Nxf7 14. Rf1 Qe5+ 15. Kd2 Qe3+ 16. Kc2 Qe5
17. Re1 Be3 {White - Accepted Draw} 1/2-1/2

[Event "Game 1645 - Rated game, 10m + 0s"]
[Site "Main Playing Hall"]
[Date "2003.08.25"]
[Round "?"]
[White "kmreese"]
[Black "chamanrvs"]
[Result "1-0"]
[WhiteElo "1438"]
[BlackElo "1054"]
[PlyCount "55"]
[EventDate "2003.??.??"]

1. e4 e5 2. Nf3 Nc6 3. Bc4 Nf6 4. Ng5 d5
5. Bb3 Qd7 6. O-O Bc5 7. Nc3 dxe4 8. Bxf7+ Ke7
9. Re1 h6 10. Bg6 hxg5 11. Bxe4 Nxe4 12. Nxe4 Qd4
13. d3 Bf5 14. Bxg5+ Kd7 15. c3 Qd5 16. Nxc5+ Qxc5
17. b4 Qd6 18. b5 Ne7 19. d4 exd4 20. Rxe7+ Kc8
21. g3 Bd7 22. cxd4 b6 23. Rc1 Bh3 24. Rcxc7+ Kb8
25. Bf4 Qd5 26. Rcd7+ Kc8 27. Rxd5 Rd8 28. Qc1# 1-0

[Event "Game 1646 - Rated game, 15m + 0s"]
[Site "Main Playing Hall"]
[Date "2003.08.26"]
[Round "?"]
[White "kmreese"]
[Black "Petr003"]
[Result "1-0"]
[WhiteElo "1441"]
[BlackElo "1397"]
[Annotator "Black - Resign"]
[PlyCount "35"]
[EventDate "2003.??.??"]

1. e4 e5 2. Nf3 Nc6 3. Bc4 Bc5 4. O-O Nf6
5. Nc3 O-O 6. Re1 Ng4 7. d4 exd4 8. Na4 Bb4
9. Re2 Rb8 10. Bg5 Nf6 11. a3 Bxa3 12. bxa3 b5
13. e5 Nxe5 14. Nxe5 bxa4 15. Qxd4 a6 16. Rae1 d6
17. Nxf7 c5 18. Nxd8+ {Black - Resign} 1-0

[Event "Game 1649 - Rated game, 10m + 2s"]
[Site "Beginners"]
[Date "2003.08.27"]
[Round "?"]
[White "Glompf"]
[Black "kmreese"]
[Result "0-1"]
[WhiteElo "975"]
[BlackElo "1457"]
[PlyCount "28"]

1. Nc3 d5 2. d4 Nc6 3. Bf4 Nf6 4. Qd3 Nb4
5. O-O-O Nxd3+ 6. exd3 e5 7. Bxe5 Ng4 8. Nxd5 Nxf2
9. Re1 Qxd5 10. Bxg7+ Kd8 11. Bxh8 Qxa2 12. Bf6+ Kd7
13. d5 Bh6+ 14. Re3 Bxe3# 0-1

[Event "Game 1650 - Rated game, 10m + 2s"]
[Site "Beginners"]
[Date "2003.08.27"]
[Round "?"]
[White "kmreese"]
[Black "Glompf"]
[Result "0-1"]
[WhiteElo "1459"]
[BlackElo "973"]
[PlyCount "28"]

1. e4 b5 2. d4 a6 3. Nf3 d5 4. e5 f6
5. exf6 exf6 6. Bd3 Qe7+ 7. Be3 Nc6 8. O-O Nh6
9. Bxh6 gxh6 10. Re1 Be6 11. Nc3 f5 12. Bxf5 Rg8
13. Nxd5 Qg7 14. Bxe6 Qxg2# 0-1

[Event "Game 1652 - Rated game, 20m + 0s"]
[Site "Main Playing Hall"]
[Date "2003.08.28"]
[Round "?"]
[White "yugioh"]
[Black "kmreese"]
[Result "1-0"]
[WhiteElo "1491"]
[BlackElo "1652"]
[PlyCount "37"]

1. d4 Nf6 2. c4 d5 3. cxd5 Qxd5 4. Nc3 Qd8
5. e4 Nc6 6. d5 Ne5 7. f4 Neg4 8. e5 Nxe5
9. fxe5 Ng4 10. Nf3 f6 11. e6 c6 12. h3 Ne5
13. Nxe5 fxe5 14. Qh5+ g6 15. Qxe5 Rg8 16. Qf4 Rg7
17. Bc4 b5 18. O-O bxc4 19. Qxf8# 1-0

[Event "Game 1653 - Rated game, 10m + 0s"]
[Site "Main Playing Hall"]
[Date "2003.08.28"]
[Round "?"]
[White "mawoni"]
[Black "kmreese"]
[Result "0-1"]
[WhiteElo "1370"]
[BlackElo "1425"]
[Annotator "White - Resign"]
[PlyCount "22"]

1. e4 Nf6 2. Nc3 e5 3. d4 exd4 4. Qxd4 Nc6
5. Qd1 Bb4 6. Qd3 O-O 7. Bd2 Ne5 8. Qd4 Nc6
9. Qe3 d5 10. Nge2 d4 11. Nxd4 Nxd4 {White - Resign} 0-1

[Event "Game 1654 - Rated game, 10m + 0s"]
[Site "Main Playing Hall"]
[Date "2003.08.28"]
[Round "?"]
[White "JeanPhilippe"]
[Black "kmreese"]
[Result "0-1"]
[WhiteElo "1377"]
[BlackElo "1440"]
[Annotator "White - Time"]
[PlyCount "94"]

1. e4 Nf6 2. Nc3 e5 3. Nf3 Nc6 4. d3 Bb4
5. Bg5 O-O 6. a3 Bc5 7. Be2 h6 8. Bxf6 Qxf6
9. Nd5 Qd8 10. O-O d6 11. b4 Bb6 12. Kh1 Nd4
13. Nxd4 Bxd4 14. c3 Bb6 15. c4 Bd4 16. Rb1 c6
17. Ne3 b6 18. Nc2 a5 19. f4 axb4 20. axb4 c5
21. b5 g5 22. f5 Kh8 23. Bg4 f6 24. Nxd4 cxd4
25. Ra1 Rb8 26. Rf2 Bb7 27. Rfa2 Qd7 28. Bf3 Rf7
29. g4 Rh7 30. Ra7 Qe8 31. Qe2 Qd7 32. Qb2 Qf7
33. Qb4 Rd8 34. c5 dxc5 35. Qa4 Rd7 36. Ra8+ Kg7
37. Ra7 Kg8 38. Ra8+ Bxa8 39. Qxa8+ Kg7 40. Qa6 Rh8
41. Qxb6 c4 42. dxc4 Qxc4 43. Qa5 d3 44. Qd2 Rb8
45. Rb1 Ra7 46. b6 Ra6 47. b7 Ra2 {White - Time} 0-1

[Event "Game 1655 - Rated game, 10m + 0s"]
[Site "Beginners"]
[Date "2003.08.29"]
[Round "?"]
[White "kmreese"]
[Black "Ernst"]
[Result "0-1"]
[WhiteElo "1455"]
[BlackElo "1400"]
[Annotator "White - Time"]
[PlyCount "98"]

1. e4 e5 2. Nf3 d6 3. Bc4 Nf6 4. Ng5 d5
5. Bb3 c6 6. d4 Be7 7. dxe5 Nxe4 8. Nxe4 dxe4
9. Nd2 O-O 10. O-O Bf5 11. Re1 Qd4 12. e6 Bxe6
13. Rxe4 Qc5 14. Bxe6 fxe6 15. Rxe6 Qxf2+ 16. Kh1 Bc5
17. Re1 Nd7 18. Ne4 Qf7 19. Nxc5 Rae8 20. Be3 Nxc5
21. Bxc5 Rxe1+ 22. Qxe1 Re8 23. Qg1 b6 24. Be3 Qe6
25. Re1 Qxa2 26. h4 Qxb2 27. Qf2 h6 28. g4 Qe5
29. c4 Qe4+ 30. Kg1 Qxg4+ 31. Kf1 Rf8 32. Qxf8+ Kxf8
33. Re2 Qxh4 34. c5 Qh3+ 35. Kg1 Qg3+ 36. Kf1 Qf3+
37. Rf2 Qxf2+ 38. Kxf2 bxc5 39. Bxc5+ Kf7 40. Kf3 g5
41. Bxa7 Kg6 42. Be3 Kf5 43. Kg3 g4 44. Bd4 h5
45. Kh4 Kf4 46. Bg1 g3 47. Kxh5 g2 48. Kh4 Kf3
49. Kh3 c5 {White - Time} 0-1

[Event "Game 1656 - Rated game, 15m + 0s"]
[Site "Beginners"]
[Date "2003.08.29"]
[Round "?"]
[White "kmreese"]
[Black "Obi Wan"]
[Result "1-0"]
[WhiteElo "1434"]
[BlackElo "1217"]
[PlyCount "57"]

1. e4 e5 2. Nf3 Nc6 3. Bc4 Bc5 4. O-O Nf6
5. Ng5 d5 6. Bb3 h6 7. exd5 Nxd5 8. Nxf7 Kxf7
9. Qh5+ Kg8 10. Nc3 Nce7 11. Qxe5 Bd6 12. Bxd5+ Nxd5
13. Qxd5+ Kf8 14. d4 Qh4 15. g3 Qh3 16. Nb5 Be7
17. Bf4 c6 18. Qe4 cxb5 19. Rae1 Qd7 20. a3 b6
21. Qxa8 Kf7 22. h4 Rd8 23. Qf3 Bb7 24. Qh5+ Kg8
25. Re3 Qc6 26. f3 Rxd4 27. Rxe7 Qc5 28. Qf7+ Kh8
29. Qxg7# 1-0

[Event "Game 1657 - Rated game, 15m + 0s"]
[Site "Beginners"]
[Date "2003.08.29"]
[Round "?"]
[White "activ"]
[Black "kmreese"]
[Result "1-0"]
[WhiteElo "1470"]
[BlackElo "1442"]
[Annotator "Black - Resign"]
[PlyCount "39"]

1. d4 d5 2. c4 Nf6 3. e3 e6 4. Nf3 dxc4
5. Bxc4 Ne4 6. Bd3 Nxf2 7. Kxf2 Bd6 8. Rf1 Bxh2
9. g3 Qf6 10. Kg2 e5 11. Nxh2 Qe6 12. dxe5 Qd5+
13. e4 Qxe5 14. Bf4 Qe6 15. Nc3 O-O 16. Kg1 Nc6
17. Bxc7 Nd4 18. Bf4 Rd8 19. Nd5 Qe7 20. Nxe7+ { Black - Resign} 1-0

[Event "Game 1658 - Rated game, 15m + 0s"]
[Site "Beginners"]
[Date "2003.08.29"]
[Round "?"]
[White "kmreese"]
[Black "activ"]
[Result "0-1"]
[WhiteElo "1426"]
[BlackElo "1486"]
[PlyCount "114"]

1. e4 e5 2. Nf3 Nc6 3. Bc4 h6 4. d4 exd4
5. Nxd4 Nxd4 6. Qxd4 Qf6 7. e5 Qb6 8. Qf4 Qg6
9. O-O Bc5 10. Be3 Bb6 11. Nc3 Ne7 12. Nd5 Nxd5
13. Bxd5 O-O 14. Bxb6 axb6 15. Be4 Qe6 16. Rae1 Rxa2
17. Bf5 Qc6 18. e6 dxe6 19. Be4 Qd6 20. Qg4 Rxb2
21. Rd1 Qe7 22. Rfe1 Rb4 23. f3 f5 24. Qh5 fxe4
25. fxe4 Qc5+ 26. Qxc5 bxc5 27. c3 Rb2 28. h4 b6
29. Kh2 Kh7 30. e5 Bb7 31. Kg3 Rxg2+ 32. Kh3 Rff2
33. Rh1 Be4 34. h5 Rg5 35. Kh4 Bxh1 36. Rxh1 Rxe5
37. Kg3 Ref5 38. c4 e5 39. Re1 R2f4 40. Kg2 Rxc4
41. Rh1 e4 42. Rh4 Re5 43. Kf2 b5 44. Ke3 Rc3+
45. Kf4 Re7 46. Rg4 e3 47. Rg1 e2 48. Re1 Rd3
49. Kf5 Rd1 50. Rxe2 Rxe2 51. Kg4 c4 52. Kg3 Rd3+
53. Kf4 b4 54. Kf5 c3 55. Kg4 c2 56. Kh4 c1=Q
57. Kg4 Qg5# 0-1

[Event "Game 1659 - Friendly Game, 10m + 2s"]
[Site "Main Playing Hall"]
[Date "2003.08.29"]
[Round "?"]
[White "RobbieBobby"]
[Black "kmreese"]
[Result "0-1"]
[WhiteElo "1316"]
[BlackElo "1411"]
[Annotator "White - Resign"]
[PlyCount "40"]

1. e4 Nf6 2. e5 Nd5 3. Bc4 e6 4. d4 Nc6
5. Nf3 d6 6. O-O dxe5 7. dxe5 Na5 8. Bg5 Be7
9. Bxe7 Qxe7 10. Bxd5 exd5 11. Qxd5 Nc6 12. Nc3 Be6
13. Qe4 f5 14. Qe2 a6 15. Rad1 Na5 16. b3 g5
17. Nd4 Rd8 18. Nxe6 Rxd1 19. Nxc7+ Qxc7 20. Nd5 Rxd5 {White - Resign} 0-1

[Event "Game 1660 - Rated game, 12m + 2s"]
[Site "Beginners"]
[Date "2003.08.30"]
[Round "?"]
[White "kmreese"]
[Black "Gr?nspecht"]
[Result "0-1"]
[WhiteElo "1411"]
[BlackElo "1298"]
[Annotator "White - Resign"]
[PlyCount "64"]

1. e4 e5 2. Nf3 Nc6 3. Bc4 Nf6 4. Ng5 d5
5. Bb3 Na5 6. d3 Nxb3 7. cxb3 dxe4 8. d4 exd4
9. O-O Bg4 10. f3 exf3 11. Nxf3 Bc5 12. Re1+ Be6
13. Qd3 O-O 14. Ng5 g6 15. Nd2 Qd5 16. Ndf3 Bf5
17. Qd1 d3+ 18. Be3 Bb4 19. Bd4 Bxe1 20. Bxf6 Bb4
21. Nh4 Qd6 22. Nxf5 Qxf6 23. Nh6+ Kg7 24. Ne4 Qd4+
25. Nf2 Kxh6 26. Qc1+ Kg7 27. Kh1 Rae8 28. Qf1 d2
29. a3 Re1 30. Rxe1 dxe1=Q 31. Qxe1 Bxe1 32. h4 Qxf2 { White - Resign} 0-1

[Event "Game 1661 - Rated game, 15m + 0s"]
[Site "Main Playing Hall"]
[Date "2003.08.31"]
[Round "?"]
[White "Red Martin"]
[Black "kmreese"]
[Result "1-0"]
[WhiteElo "1428"]
[BlackElo "1387"]
[PlyCount "119"]

1. d4 Nf6 2. Bf4 d5 3. Nc3 e6 4. a3 Bd7
5. e3 Nc6 6. b4 Be7 7. Bd3 O-O 8. Nb5 a6
9. Nc3 a5 10. b5 Na7 11. a4 c6 12. b6 Qxb6
13. Rb1 Qd8 14. Rxb7 Bc8 15. Rb1 c5 16. Nf3 cxd4
17. Nxd4 Nd7 18. Bg3 Nc5 19. Bb5 e5 20. Bxe5 f6
21. Bg3 f5 22. Nc6 Nxc6 23. Bxc6 Bf6 24. Nxd5 Bg5
25. Bxa8 f4 26. Nxf4 Ne4 27. Qxd8 Rxd8 28. O-O Nd2
29. Be4 Nxe4 30. Rb8 Nd2 31. Re1 Kf7 32. h4 Be7
33. Nd3 g6 34. Bc7 Rxd3 35. cxd3 Ba6 36. Bxa5 Nb3
37. Bb4 Bf6 38. d4 Bxh4 39. g3 Bg5 40. Bc3 Bf6
41. Rxb3 h5 42. Rb6 Bc4 43. Rb7+ Be7 44. Bb4 g5
45. Rxe7+ Kf6 46. a5 Kf5 47. Rc1 Bd5 48. Rc5 h4
49. Rxd5+ Kg4 50. gxh4 gxh4 51. Kg2 h3+ 52. Kh2 Kf3
53. Rf7+ Ke2 54. a6 Kd3 55. a7 Ke2 56. a8=Q Kd3
57. Rf4 Kc4 58. Rc5+ Kxb4 59. Qb7+ Ka3 60. Ra5# 1-0

[Event "Game 1662 - Rated game, 15m + 0s"]
[Site "Main Playing Hall"]
[Date "2003.08.31"]
[Round "?"]
[White "kmreese"]
[Black "Red Martin"]
[Result "1-0"]
[WhiteElo "1371"]
[BlackElo "1444"]
[PlyCount "77"]

1. e4 c5 2. Nf3 Nc6 3. e5 e6 4. d4 cxd4
5. Nxd4 Nxd4 6. Qxd4 b6 7. Bb5 Bc5 8. Qe4 Rb8
9. O-O Bb7 10. Qd3 Ne7 11. Be3 Bxe3 12. fxe3 Nd5
13. e4 Nc7 14. Nc3 O-O 15. Bxd7 a6 16. Rad1 Qh4
17. Qd6 Nb5 18. Bxb5 axb5 19. Nxb5 Rbd8 20. Qc7 Rxd1
21. Rxd1 Bxe4 22. Nd6 Qg4 23. Rd2 Bd5 24. h3 Qf4
25. Rf2 Qe3 26. Kf1 Qc1+ 27. Ke2 Qxb2 28. Rxf7 Qxe5+
29. Kd3 Be4+ 30. Kd2 Qd5+ 31. Ke3 Qg5+ 32. Kxe4 Qxg2+
33. Ke5 Qe2+ 34. Kf4 e5+ 35. Kf5 g6+ 36. Ke6 Qf3
37. Rg7+ Kh8 38. Rxh7+ Kg8 39. Qg7# 1-0

[Event "Game 1663 - Rated game, 10m + 0s"]
[Site "Main Playing Hall"]
[Date "2003.08.31"]
[Round "?"]
[White "kmreese"]
[Black "neoneod"]
[Result "1-0"]
[WhiteElo "1393"]
[BlackElo "1106"]
[PlyCount "57"]

1. e4 e5 2. Nf3 Nf6 3. Bc4 Nxe4 4. d3 Nc5
5. Ng5 Bd6 6. Nxf7 Qf6 7. Nxh8 e4 8. h4 e3
9. fxe3 Bg3+ 10. Kd2 Qf2+ 11. Kc3 Na4+ 12. Kb4 b5
13. Bxb5 Nc6+ 14. Kxa4 Bd6 15. Rf1 Qg3 16. Bc4 Rb8
17. Bf7+ Ke7 18. e4 Qe5 19. Bg5+ Kf8 20. Bd5+ Ke8
21. Qh5+ g6 22. Bf7+ Kf8 23. Qh6+ Qg7 24. Bd5+ Ke8
25. Qxg7 Rb4+ 26. Ka3 Rd4+ 27. Kb3 Na5+ 28. Kc3 Be5
29. Qf8# 1-0

[Event "Game 1665 - Rated game, 50m + 2s"]
[Site "Main Playing Hall"]
[Date "2003.09.01"]
[Round "?"]
[White "PeterGrandmaster"]
[Black "kmreese"]
[Result "1-0"]
[WhiteElo "1576"]
[BlackElo "1644"]
[Annotator "Black - Resign"]
[PlyCount "74"]

1. d4 Nf6 2. c4 d5 3. e3 e6 4. Nc3 Bb4
5. Bd2 e5 6. Be2 exd4 7. exd4 Bxc3 8. Bxc3 Ne4
9. Nf3 dxc4 10. Bxc4 O-O 11. O-O Bg4 12. Qb3 Bxf3
13. gxf3 Qg5+ 14. Kh1 Nd7 15. fxe4 Rae8 16. Qxb7 Nf6
17. f3 Nh5 18. Rg1 Qe3 19. e5 Nf4 20. Rae1 Qf2
21. Ref1 Qe3 22. Qe4 Qxe4 23. fxe4 Nh3 24. Rg2 Kh8
25. d5 f6 26. e6 g5 27. Bxf6+ Rxf6 28. Rxf6 Kg7
29. Rf7+ Kg6 30. Bf1 Kh6 31. Rc2 Rg8 32. Bxh3 g4
33. Bg2 Kh5 34. Rcxc7 Kg6 35. e5 h5 36. Be4+ Kg5
37. Bh7 Rh8 {Black - Resign} 1-0

[Event "Game 1667 - Rated game, 15m + 2s"]
[Site "Beginners"]
[Date "2003.09.01"]
[Round "?"]
[White "kmreese"]
[Black "nan?nana"]
[Result "1-0"]
[WhiteElo "1623"]
[BlackElo "1487"]
[PlyCount "41"]

1. e4 Nc6 2. Nf3 d5 3. exd5 Qxd5 4. Nc3 Qe6+
5. Be2 Nf6 6. O-O Ne4 7. Nxe4 Qxe4 8. Ng5 Qg6
9. d4 Bf5 10. Bc4 O-O-O 11. Nxf7 Bh3 12. Ng5 Rxd4
13. Qe2 h6 14. Nxh3 Rh4 15. Be6+ Kb8 16. Nf4 Nd4
17. Qd1 Qe4 18. f3 Qe5 19. Re1 Qg5 20. Qxd4 Rxh2
21. Qd8# 1-0

[Event "Game 1669 - Rated game, 10m + 2s"]
[Site "Main Playing Hall"]
[Date "2003.09.01"]
[Round "?"]
[White "Enviro"]
[Black "kmreese"]
[Result "0-1"]
[WhiteElo "1241"]
[BlackElo "1412"]
[PlyCount "46"]

1. e4 Nf6 2. d3 e5 3. Nf3 d5 4. Bg5 dxe4
5. Nxe5 exd3 6. Nxd3 h6 7. Bxf6 Qxf6 8. Be2 Bd6
9. Nd2 h5 10. Bf3 h4 11. Ne4 Qe7 12. Qe2 h3
13. O-O-O hxg2 14. Bxg2 Bf5 15. Kb1 Rh4 16. f3 Be6
17. Rde1 Nc6 18. Qe3 O-O-O 19. Qd2 Bf4 20. Qc3 Nd4
21. Ndc5 Nb5 22. Qb4 a6 23. Nc3 Bd2 {White - Time} 0-1

[Event "Game 1670 - Rated game, 15m + 2s"]
[Site "Main Playing Hall"]
[Date "2003.09.02"]
[Round "?"]
[White "Fischerfanatic2"]
[Black "kmreese"]
[Result "1-0"]
[WhiteElo "1346"]
[BlackElo "1614"]
[Annotator "Black - Resign"]
[PlyCount "38"]

1. d4 Nf6 2. Nf3 Nc6 3. Nc3 d5 4. e3 Bf5
5. Bd3 Bxd3 6. Qxd3 Nb4 7. Qb5+ Nc6 8. O-O Rb8
9. Qe2 e6 10. Rd1 Nb4 11. a3 c5 12. axb4 cxd4
13. exd4 Bxb4 14. Qb5+ Nd7 15. Qxb4 e5 16. dxe5 a5
17. Qb5 O-O 18. Bg5 Qe8 19. Nxd5 Rc8 { Black - Resign} 1-0

[Event "Game 1671 - Rated game, 15m + 0s"]
[Site "Main Playing Hall"]
[Date "2003.09.02"]
[Round "?"]
[White "zeros"]
[Black "kmreese"]
[Result "0-1"]
[WhiteElo "1299"]
[BlackElo "1421"]
[Annotator "White - Time"]
[PlyCount "74"]

1. c4 e5 2. Nc3 Nf6 3. Nf3 e4 4. Ng5 Ng4
5. Ngxe4 Nc6 6. h3 Nge5 7. e3 Bb4 8. d4 Ng6
9. a3 Be7 10. Bd3 O-O 11. O-O f5 12. Ng3 Bd6
13. Nxf5 Be7 14. Nxe7+ Ncxe7 15. e4 d6 16. Qh5 c5
17. Be3 cxd4 18. Bxd4 Nf4 19. Qd1 Neg6 20. Ne2 Nxh3+
21. gxh3 Bxh3 22. Re1 Qg5+ 23. Ng3 Nh4 24. Be2 Rae8
25. Kh2 Bd7 26. f3 Qh6 27. Kg1 Rf7 28. Kf2 Ref8
29. Rh1 Bg4 30. Nf5 Bxf5 31. exf5 Rxf5 32. Qd3 Qh5
33. Rag1 Rxf3+ 34. Bxf3 Rxf3+ 35. Qxf3 Qxf3+ 36. Ke1 Qe4+
37. Kd1 Nf3 {White - Time } 0-1